<The> case concerning the Gabcíkovo-Nagymaros project - after the decision

Gespeichert in:
Bibliographische Detailangaben
1. Verfasser: Smuk, Peter
Format: Buchkapitel
Sprache:Englisch
Schlagworte:
Tags: Tag hinzufügen
Keine Tags, Fügen Sie das erste Tag hinzu!

MARC

LEADER 00000naa$a2200000$$$4500
001 0040514
005 20221207085048.2
041 0 |a eng 
044 |a SK 
245 1 0 |a <The> case concerning the Gabcíkovo-Nagymaros project - after the decision  |c Peter Smuk 
610 2 0 |a Dunaj 
610 2 0 |a stavby vodné 
610 2 0 |a diela vodné 
610 2 0 |a projekty 
610 2 0 |a energia elektrická 
610 2 0 |a energia vodná 
610 2 0 |a využitie energie 
610 2 0 |a Slovensko 
610 2 0 |a Maďarsko 
610 2 0 |a ochrana prostredia životného 
100 1 |a Smuk, Peter